| 000 | 00604 a2200193 4500 | ||
|---|---|---|---|
| 005 | 20240530123207.0 | ||
| 010 | _aB-759274 | ||
| 020 |
_a9789357312066 _c599.00 |
||
| 035 | _aB-759274 | ||
| 037 | _bGift | ||
| 082 | _aS | ||
| 100 |
_aPadanabhan, Manjula _967113 |
||
| 245 |
_aStolen Hours and other Curiosities/ _cManjula Padmanabhan |
||
| 260 |
_aGurugram _bHachette Book Publishing India Pvt. Ltd. _c2023 |
||
| 270 |
_a4th & 5th Floor Corporate Centre Plot no-94 Sector-44 _bGurugram _e122003 |
||
| 300 |
_a278 p. _c20 cm(Hb) |
||
| 942 |
_adpl _cCH _2ddc _hS _mPAD |
||
| 999 |
_c203403 _d203403 |
||